Learning Resource and Development

Taro delicacies / (Record no. 29134)

MARC details
000 -LEADER
fixed length control field 02683nam a2200301 i 4500
003 - CONTROL NUMBER IDENTIFIER
control field CSPC
005 - DATE AND TIME OF LATEST TRANSACTION
control field 20250312103928.0
008 - FIXED-LENGTH DATA ELEMENTS--GENERAL INFORMATION
fixed length control field 250312s2023 ph a bbbb 000 0 eng d
040 ## - CATALOGING SOURCE
Original cataloging agency CSPC
Language of cataloging eng
Transcribing agency CSPC
Description conventions rda
090 ## - LOCALLY ASSIGNED LC-TYPE CALL NUMBER (OCLC); LOCAL CALL NUMBER (RLIN)
Classification number (OCLC) (R) ; Classification number, CALL (RLIN) (NR) UTH BSHM D495t 2023
100 1# - MAIN ENTRY--PERSONAL NAME
Personal name De Villa, Edilyn D.
Relator term author.
245 10 - TITLE STATEMENT
Title Taro delicacies /
Statement of responsibility, etc. Edilyn D. De Villa [and 3 others].
300 ## - PHYSICAL DESCRIPTION
Extent 165 leaves.`
336 ## - CONTENT TYPE
Source rdacontent
Content type term text
337 ## - MEDIA TYPE
Source rdamedia
Media type term unmediated
338 ## - CARRIER TYPE
Source rdacarrier
Carrier type term volume
502 ## - DISSERTATION NOTE
Dissertation note Undergraduate Theses (BSHM) - Hospitality Management
Name of granting institution Camarines Sur Polytechnic Colleges, 2023
504 ## - BIBLIOGRAPHY, ETC. NOTE
Bibliography, etc. note Includes bibliographic references.
700 1# - ADDED ENTRY--PERSONAL NAME
Personal name Pornalisa, Maria Jellaine P.
Relator term author.
700 1# - ADDED ENTRY--PERSONAL NAME
Personal name Sumayo, Catherine Z.
Relator term author.
700 1# - ADDED ENTRY--PERSONAL NAME
Personal name Tapiador, Eliza Marielle A.
Relator term author.
720 ## - ADDED ENTRY--UNCONTROLLED NAME
Name Junio, Michelle L.
Relator term adviser.
720 ## - ADDED ENTRY--UNCONTROLLED NAME
Name Oliveros, Rosanna B.
Relator term chair, panelist.
720 ## - ADDED ENTRY--UNCONTROLLED NAME
Name Sotero, Maria Luisa O.
Relator term panelist.
720 ## - ADDED ENTRY--UNCONTROLLED NAME
Name Orobia, Mark Anthony L.
Relator term panelist.
942 ## - ADDED ENTRY ELEMENTS (KOHA)
Source of classification or shelving scheme Dewey Decimal Classification
Suppress in OPAC No
Koha item type Unpublished Materials
Classification part D495t
Item part BSHM
Call number prefix UTH
Call number suffix 2023
Holdings
Withdrawn status Lost status Source of classification or shelving scheme Damaged status Not for loan Home library Current library Shelving location Date acquired Total Checkouts Full call number Barcode Date last seen Copy number Price effective from Koha item type
    Dewey Decimal Classification     Main Library Main Library Undergraduate Thesis Section 03/03/2025   UTH BSHM D495t 2023 006485UM 03/12/2025 1-1 03/12/2025 Unpublished Materials